Responses for show #271 - Monday, September 23, 1985

Contestants

[<< previous game]

Cyrni Rajwahl, a writer originally from New York City, New York

Susan Kiner, an investment banker from Singer Island, Florida

Joe Alley, a student originally from Huntsville, Alabama (whose 1-day cash winnings total $1,800)

[next game >>]

Jeopardy! Round responses

BUSINESS & INDUSTRY
BRITISH ISLES
BEER
ACTORS & ROLES
WEAPONS
FAMOUS COWS
    $100 19
A&P

Susan
    $100 10
scotch

Triple Stumper
    $100 3
Guinness

Cyrni
    $100 1
(Matt) Houston

Cyrni
    $100 2
knife

Susan
    $100 9
Mrs. O'Leary's cow

Susan
    $200 20
Campbell's

Cyrni
    $200 11
Ireland

Triple Stumper
    $200 5
Marathon Man

Cyrni
    $200 4
it has a bullet

Joe
    $200 12
Elsie

Cyrni
    $300 22
Exxon

Cyrni
    $300 21
(Alex: And we've got less than a minute to go in this round.)

Welsh Rarebit

Cyrni
    $300 6
Coca-Cola bottle

Cyrni
    $300 13
(Joe: What is a boomerang?)
(Alex: More specific.)

Batarang

Joe
    $300 16
contented

Susan
    $400 23
New York City

Joe
    $400 25
(Cyrni: What are canaries?)
[end-of-round signal sounds]

parakeets

Cyrni
Triple Stumper
    $400 7
Albert Brooks

Cyrni
    $500 14
flamethrower

Joe
    $400 17
Guernsey (or Jersey)

Susan
    $500 24
Johnson & Johnson

Cyrni
    $500 8
The Man Who Fell to Earth

Cyrni
    $500 15
Archimedes

Triple Stumper
    $500 18
(Cyrni: Who was Florabelle?)

Clarabelle

SusanCyrni

Scores at the first commercial break (after clue 11):

Joe Susan Cyrni
$200 $200 $1,600

Scores at the end of the Jeopardy! Round:

Joe Susan Cyrni
$1,400 $1,500 $2,200

Double Jeopardy! Round responses

WORLD HISTORY
TRANSPORTATION
TOUGH TRIVIA
SEA LIFE
SOUTH CAROLINA
"GREEN"ERY
    $200 9
potatoes

Susan
    $200 20
(Alex: We've got less than a minute to go in the round.)

the horse

Joe
    $200 14
hearing aids

Susan
    $200 1
anchovies

Joe
    $200 16
(Joe: What is tobacco?)

Poinsettia

JoeCyrni
    $200 6
a pea-green boat

Joe
    $400 10
(Cyrni: What is England?)

Portugal

SusanCyrni
    $500 21
jet plane

Joe
    $400 15
(Joe: What is the right side?)

the left side

JoeCyrni
    $400 2
fluke

Triple Stumper
    $400 17
2 (North Carolina & Georgia)

Joe
    $400 7
"It's not that easy being green"

Triple Stumper
    $600 11
Neville Chamberlain

Susan
    $600 22
New York City

Cyrni
    $600 3
lionfish

Joe
    $600 8
the wearing of the green

Susan
    $800 12
Ralph Bunche

Susan
    $800 23
Muzak

Cyrni
    $800 4
sea cucumber

Triple Stumper
    $800 25
[end-of-round signal sounds]

palmetto

Triple Stumper
    $800 18
Greenback

Joe
    $2,000 13
(Susan: Who was Madame Bovary?)

Madame du Pompadour

Susan
    $1000 24
(Susan: What was before he became a father?)
(Alex: To show that there was no AIDS contamination problems.)

before he gave blood

Susan
Triple Stumper
    $1000 5
sea urchin

Triple Stumper
    $1000 19
The Jolly Green Giant

Susan

Scores at the end of the Double Jeopardy! Round:

Joe Susan Cyrni
$3,700 $2,300 $3,800

[wagering suggestions for these scores]

Final Jeopardy! Round responses

SPORTS
SusanWho is Billie Jean King?
$2,299
JoeWho is Billie Jean King?
$3,699
CyrniWho is Billie Jean King?
$1,800
Billie Jean King

Final scores:

Joe Susan Cyrni
$7,399 $4,599 $5,600
2-day champion: $9,199 3rd place: American of Martinsville furniture 2nd place: Dresher brass bed & King Koil mattress set

Game dynamics:

Coryat scores:

Joe Susan Cyrni
$3,500 $4,300 $3,800
11 R
(including 2 DDs),
2 W
13 R,
2 W
(including 1 DD)
15 R,
3 W

Combined Coryat: $11,600

The J! Archive is created by fans, for fans. The Jeopardy! game show and all elements thereof, including but not limited to copyright and trademark thereto, are the property of Jeopardy Productions, Inc. and are protected under law. This website is not affiliated with, sponsored by, or operated by Jeopardy Productions, Inc. Join the discussion at JBoard.tv.